|
|
|
|
| LEADER |
00000nab a2200000 a 4500 |
| 001 |
vtls000762090 |
| 003 |
SK-MaSNL |
| 005 |
20260304112301.0 |
| 008 |
250429c2001 xo 0 slo |
| 015 |
|
|
|a SNBRB2001/06-20027
|
| 035 |
|
|
|a CLN000113877
|
| 035 |
|
|
|a urn:nbn:sk:snk-aber01
|
| 035 |
|
|
|a (urnnbn)urn:nbn:sk:snk:ar-006yzp
|
| 035 |
|
|
|a (uuid)b25eb10d-d61b-4eb7-a504-3c55d4e35a73
|
| 040 |
|
|
|a SNKBUCL
|b slo
|c SNKBUCL
|e AACR2
|
| 041 |
0 |
|
|a slo
|
| 044 |
|
|
|a xo
|c SK
|
| 080 |
|
|
|a 639.124(437.6)
|2 1997
|
| 100 |
1 |
|
|a Hell, Pavel,
|d 1930-2009
|4 aut
|9 125123
|
| 245 |
1 |
0 |
|a Morka divá na Slovensku
|c Pavel Hell, Jaroslav Slamečka, Jozef Gašparík
|
| 300 |
|
|
|b Fotogr.
|
| 650 |
0 |
7 |
|a morka divá
|2 snkbucl
|9 947283
|
| 655 |
|
7 |
|a články z novín a časopisov
|2 snkbucl
|9 267496
|
| 700 |
1 |
|
|a Slamečka, Jaroslav
|4 aut
|9 8823
|
| 700 |
1 |
|
|a Gašparík, Jozef,
|d 1952-
|4 aut
|9 215663
|
| 773 |
0 |
|
|t Poľovníctvo a rybárstvo
|g Roč. 53, č. 4 (2001), s. 4-5
|x 0231-8768
|
| 850 |
|
|
|a Slovenská národná knižnica
|
| 852 |
|
|
|a Slovenská národná knižnica
|
| 958 |
|
|
|a article27
|
| 958 |
|
|
|a OND
|
| 958 |
|
|
|a SK
|
| 992 |
|
|
|a RBX
|
| 999 |
|
|
|c 2865038
|d 2866968
|